|
|
|
|
| LEADER |
04165nam a2200589 4500 |
| 001 |
978-981-15-0690-1 |
| 003 |
DE-He213 |
| 005 |
20191026002443.0 |
| 007 |
cr nn 008mamaa |
| 008 |
191001s2019 si | s |||| 0|eng d |
| 020 |
|
|
|a 9789811506901
|9 978-981-15-0690-1
|
| 024 |
7 |
|
|a 10.1007/978-981-15-0690-1
|2 doi
|
| 040 |
|
|
|d GrThAP
|
| 050 |
|
4 |
|a QK1-989
|
| 072 |
|
7 |
|a PST
|2 bicssc
|
| 072 |
|
7 |
|a SCI011000
|2 bisacsh
|
| 072 |
|
7 |
|a PST
|2 thema
|
| 082 |
0 |
4 |
|a 580
|2 23
|
| 245 |
1 |
0 |
|a Molecular Approaches in Plant Biology and Environmental Challenges
|h [electronic resource] /
|c edited by Sudhir P. Singh, Santosh Kumar Upadhyay, Ashutosh Pandey, Sunil Kumar.
|
| 250 |
|
|
|a 1st ed. 2019.
|
| 264 |
|
1 |
|a Singapore :
|b Springer Singapore :
|b Imprint: Springer,
|c 2019.
|
| 300 |
|
|
|a XIX, 499 p.
|b online resource.
|
| 336 |
|
|
|a text
|b txt
|2 rdacontent
|
| 337 |
|
|
|a computer
|b c
|2 rdamedia
|
| 338 |
|
|
|a online resource
|b cr
|2 rdacarrier
|
| 347 |
|
|
|a text file
|b PDF
|2 rda
|
| 490 |
1 |
|
|a Energy, Environment, and Sustainability,
|x 2522-8366
|
| 505 |
0 |
|
|a Molecular Mechanism in Plants to Combat the Metal Stress -- Molecular and Biochemical Approaches for Combating Multiple Abiotic Stresses in Staple Crops of Arid and Semi-Arid Region -- Promising Transcriptional Factors Responsible for Salt and/or Drought Tolerance -- Autophagy in Plant Stress Tolerance -- An Update on Molecular Strategies for Abiotic Stress Tolerance in Rice -- Receptor Like Kinases and Environmental Stress in Plants -- Arsenic in Rice Grain: Role of Transporters in Arsenic Accumulation -- Genomics and Transcriptomics Advances to Study Environmental Response in Plants -- Role of Plant Heat Shock Transcription Factors in Abiotic Stress -- Molecular Biology of Glandular Trichomes in Plants and their Functions in Environmental Stresses -- Marker-based Assessment of Seed Purity of Elite Indian Rice Varieties for Climate Smart Agriculture.
|
| 520 |
|
|
|a This book discusses molecular approaches in plant as response to environmental factors, such as variations in temperature, water availability, salinity, and metal stress. The book also covers the impact of increasing global population, urbanization, and industrialization on these molecular behaviors. It covers the natural tolerance mechanism which plants adopt to cope with adverse environments, as well as the novel molecular strategies for engineering the plants in human interest. This book will be of interest to researchers working on the impact of the changing environment on plant ecology, issues of crop yield, and nutrient quantity and quality in agricultural crops. The book will be of interest to researchers as well as policy makers in the environmental and agricultural domains.
|
| 650 |
|
0 |
|a Plant science.
|
| 650 |
|
0 |
|a Botany.
|
| 650 |
|
0 |
|a Plant physiology.
|
| 650 |
|
0 |
|a Environmental engineering.
|
| 650 |
|
0 |
|a Biotechnology.
|
| 650 |
|
0 |
|a Climate change.
|
| 650 |
1 |
4 |
|a Plant Sciences.
|0 http://scigraph.springernature.com/things/product-market-codes/L24000
|
| 650 |
2 |
4 |
|a Plant Physiology.
|0 http://scigraph.springernature.com/things/product-market-codes/L33020
|
| 650 |
2 |
4 |
|a Environmental Engineering/Biotechnology.
|0 http://scigraph.springernature.com/things/product-market-codes/U33000
|
| 650 |
2 |
4 |
|a Climate Change.
|0 http://scigraph.springernature.com/things/product-market-codes/U12007
|
| 700 |
1 |
|
|a Singh, Sudhir P.
|e editor.
|4 edt
|4 http://id.loc.gov/vocabulary/relators/edt
|
| 700 |
1 |
|
|a Upadhyay, Santosh Kumar.
|e editor.
|4 edt
|4 http://id.loc.gov/vocabulary/relators/edt
|
| 700 |
1 |
|
|a Pandey, Ashutosh.
|e editor.
|4 edt
|4 http://id.loc.gov/vocabulary/relators/edt
|
| 700 |
1 |
|
|a Kumar, Sunil.
|e editor.
|4 edt
|4 http://id.loc.gov/vocabulary/relators/edt
|
| 710 |
2 |
|
|a SpringerLink (Online service)
|
| 773 |
0 |
|
|t Springer eBooks
|
| 776 |
0 |
8 |
|i Printed edition:
|z 9789811506895
|
| 776 |
0 |
8 |
|i Printed edition:
|z 9789811506918
|
| 776 |
0 |
8 |
|i Printed edition:
|z 9789811506925
|
| 830 |
|
0 |
|a Energy, Environment, and Sustainability,
|x 2522-8366
|
| 856 |
4 |
0 |
|u https://doi.org/10.1007/978-981-15-0690-1
|z Full Text via HEAL-Link
|
| 912 |
|
|
|a ZDB-2-SBL
|
| 950 |
|
|
|a Biomedical and Life Sciences (Springer-11642)
|